书目信息 |
| 题名: |
热力学
|
|
| 作者: | 熊吟涛 编 | |
| 分册: | ||
| 出版信息: | 北京 人民教育出版社 1961 |
|
| 页数: | 215页 | |
| 开本: | 20cm | |
| 丛书名: | ||
| 单 册: | ||
| 中图分类: | O414.1 | |
| 科图分类: | ||
| 主题词: | 理论物理学 | |
| 电子资源: | ||
| ISBN: | ||
| 000 | 00521nam0 2200205 45 | |
| 001 | 0312221749 | |
| 005 | 20060510104736.75 | |
| 010 | @dCNY0.70 | |
| 091 | @aK13010.960 | |
| 100 | @a20031222d1961 km y0chiy0120 ea | |
| 101 | @achi | |
| 200 | 1 | @a热力学@ARe Li Xue@f熊吟涛等编@FXiong Yin Tao Deng Bian |
| 210 | @a北京@c人民教育出版社@d1961 | |
| 215 | @a215页@d20cm | |
| 300 | @a高等学校交流讲义 | |
| 606 | 0 | @a理论物理学 |
| 690 | @aO414.1@v3 | |
| 701 | 0 | @a熊吟涛@4编 |
| 801 | @aCN@bTSTCL@c20060510 | |
| 905 | @dO414.1@e15 | |
| 热力学/熊吟涛等编.-北京:人民教育出版社,1961 |
| 215页;20cm |
| 高等学校交流讲义 |
| ISBN :CNY0.70 |
| ● |
| 相关链接 |
|
|
|
|
正题名:热力学
索取号:O414.1/15
 
预约/预借
| 序号 | 登录号 | 条形码 | 馆藏地/架位号 | 状态 | 备注 |
| 1 | 0013368 | 202315887 | 密集书库/ [索取号:O414.1/15] | 在馆 |